书目信息 |
| 题名: |
自动控制原理
|
|
| 作者: | 李素玲 主编 | |
| 分册: | ||
| 出版信息: | 西安 西安电子科技大学出版社 2007.09 |
|
| 页数: | 353页 | |
| 开本: | 26cm | |
| 丛书名: | ||
| 单 册: | ||
| 中图分类: | TP13 | |
| 科图分类: | ||
| 主题词: | 自动控制理论--zi dong kong zhi li lun--高等学校--教材 | |
| 电子资源: | ||
| ISBN: | 978-7-5606-1905-7 | |
| 000 | 00943nam0 2200253 450 | |
| 001 | 012008048828 | |
| 005 | 20080109160837.07 | |
| 010 | @a978-7-5606-1905-7@dCNY30.00 | |
| 100 | @a20080109d2007 em y0chiy0120 ea | |
| 101 | 0 | @achi |
| 102 | @aCN@b610000 | |
| 105 | @aa a 000yy | |
| 106 | @ar | |
| 200 | 1 | @a自动控制原理@Azi dong kong zhi yuan li@f李素玲主编@Fli su ling zhu bian |
| 210 | @a西安@c西安电子科技大学出版社@d2007.09 | |
| 215 | @a353页@c图@d26cm | |
| 300 | @a高等学校电子与电气工程及自动化专业“十一五”规划教材 | |
| 320 | @a有书目 (第353页) | |
| 330 | @a本书共分八章,主要内容包括自动控制概论,控制系统的数学模型,控制系统的时域分析,根轨迹分析法,控制系统的频率特性法,控制系统的校正,线性离散控制系统,非线性控制系统。 | |
| 606 | 0 | @a自动控制理论@Azi dong kong zhi li lun@x高等学校@j教材 |
| 690 | @aTP13@v4 | |
| 701 | 0 | @a李素玲@Ali su ling@4主编 |
| 801 | 0 | @aCN@bQSSK@c20080109 |
| 905 | @b276489-91@dTP13@eL263@f3 | |
| 自动控制原理/李素玲主编.-西安:西安电子科技大学出版社,2007.09 |
| 353页:图;26cm |
| 高等学校电子与电气工程及自动化专业“十一五”规划教材 |
| ISBN 978-7-5606-1905-7:CNY30.00 |
| 本书共分八章,主要内容包括自动控制概论,控制系统的数学模型,控制系统的时域分析,根轨迹分析法,控制系统的频率特性法,控制系统的校正,线性离散控制系统,非线性控制系统。 |
| ● |
| 相关链接 |
|
|
|
正题名:自动控制原理
索取号:TP13/L263
 
预约/预借
| 序号 | 登录号 | 条形码 | 馆藏地/架位号 | 状态 | 备注 |
| 1 | 276489 | 202764892 | 自科库301/301自科库 101排3列6层/ [索取号:TP13/L263] | 在馆 | |
| 2 | 276490 | 202764909 | 自科库301/301自科库 33排4列2层/ [索取号:TP13/L263] | 在馆 | |
| 3 | 276491 | 202764918 | 自科库301/301自科库 101排3列6层/ [索取号:TP13/L263] | 在馆 |